00346nam a2200133Ia 450000500170000000800410001702000150005808200130007310000200008624500310010626000380013730000190017565000180019420250314024159.0240331s9999 xx 000 0 und d a9558354120 bGNAa894 aGnanasekaran, T 0aGnanasekaran sirukathaikal aColombobGnanam pathippakamc2005 aXXII, 276 P ., aShort Stories